Petit Bac - Cinéma #3 - Statistiques

Statistiques générales
  • Ce quiz a été pris 1 054 fois
  • Le résultat moyen est 18 sur 26
Statistiques - réponses
Lettre Indice Réponse % Correct
B Nom du petit faon qui a vu sa mère se faire tuer par un chasseur dans un film d'animation de 1940. Bambi
98%
L Objet devenu l'emblème iconique des studios Pixar, écrasant souvent la lettre I. Lampe
94%
Q Groupe de rock mythique dont l'histoire est racontée dans le film "Bohemian Rhapsody". Queen
94%
I Pays où se déroule l'action des films "Call Me by Your Name", "Le nom de la rose", "Le voleur de bicyclettes" et "Gladiator". Italie
93%
K Poupée en plastique interprétée par Ryan Gosling en 2023. Ken
93%
Z Nombre d'oscars qu'a reçu Bradley Cooper. Zéro
89%
U Sorcière à moitié pieuvre, principale antagoniste dans La petite sirène. Ursula
86%
T Ville canadienne accueillant le plus grand festival non-compétitif du monde. Toronto
82%
J Basketteur vedette du film Space Jam. Michael Jordan
80%
G Monstre kaiju apparu pour la première fois en 1954 en train de ravager Tokyo. Godzilla
79%
E Pachyderme d'Afrique ou d'Asie, donnant son nom à un film de Gus Van Sant qui a remporté la Palme d'Or en 2003. Elephant
76%
F Film mettant en scène le fameux alter ego de Michaël Youn. Fatal
76%
W Studio américain créé en 1923, étant à l'origine des films DC Comics ou des Looney Tunes. Warner Bros.
72%
D Duo français connu mondialement, ayant composé la bande originale du film "Tron Legacy" Daft Punk
71%
R Animal devenu dangereux dans l'imaginaire collectif à cause de Bruce dans un film de Steven Spielberg sorti en 1975. Requin
71%
A Film de Justine Triet, mettant en scène le procès de Sandra, récompensé, entre autres, par la Palme d'Or, six Césars, un Oscar et un BAFTA. Anatomie d'une chute
63%
P Acteur chilo-américain révélé par "Game of Thrones", il joue par la suite dans des séries comme "Narcos" et "The Last of Us" ou dans des films comme "Un talent en or massif". Pedro Pascal
63%
S Réalisateur de "Taxi Driver", de "Raging Bull" ou, plus récemment, de "Killers of the Flower Moon". Martin Scorsese
62%
Y Personnage éponyme interprété par Raphaël Quenard, qui a fait 45 minutes de transport et quinze minutes de marche pour aller voir une pièce de théâtre. Yannick
55%
C Fruit dont le goût est évoqué dans le titre d'un film d'Abbas Kiarrostami, ayant remporté la Palme d'Or en 1997. Cerise
49%
V Personnage incarné par John Travolta dans "Pulp Fiction". Vincent Vega
49%
N Ecole esthétique française des années 60, réunissant François Truffaut, Jean-Luc Godard ou encore Agnès Varda. Nouvelle Vague
46%
H Personnage de Will Smith, expert en séduction d'après le titre français. Hitch
45%
X Agent secret interprété par Vin Diesel dans un film de Rob Cohen sorti en 2003 et qui a connu deux suites, en 2005 et en 2017. XxX
33%
M Méthode d'animation consistant à transformer les mouvements des acteurs en image de synthèse. Motion capture
29%
O Nom de l'hôtel qu'occupent la famille Torrance durant l'hiver dans le film "Shining". Overlook Hotel
18%
Aucun quiz correspondant
Distribution des résultats
% des personnes avec chaque résultat
Percentile par nombre de réponses
Votre historique - résultats
Vous n’avez pas pris ce quiz